[Event "Atviras BTA Lietuvos RAPID 2021"]
[Site "Vilnius, Lithuania"]
[Date "2021.07.17"]
[Round "5.1"]
[White "Vedrickas, Tautvydas"]
[Black "Laurusas, Tomas"]
[Result "0-1"]
[WhiteElo "2235"]
[BlackElo "2552"]
[PlyCount "46"]

1. d4 {[%emt 0:00:00]} d5 {[%emt 0:00:14]} 2. c4 {[%emt 0:00:02]} e6 {[%emt 0:
00:02]} 3. Nc3 {[%emt 0:00:03]} a6 {[%emt 0:00:08]} 4. c5 {[%emt 0:00:33]} Nc6
{[%emt 0:00:11]} 5. Nf3 {[%emt 0:00:07]} Nge7 {[%emt 0:00:32]} 6. Bf4 {[%emt 0:
00:08]} h6 {[%emt 0:00:01]} 7. e3 {[%emt 0:00:17]} g5 {[%emt 0:00:04]} 8. Bg3 {
[%emt 0:00:05]} Nf5 {[%emt 0:00:02]} 9. Bd3 {[%emt 0:00:26]} Nxg3 {[%emt 0:00:
23]} 10. hxg3 {[%emt 0:00:58]} Bg7 {[%emt 0:00:02]} 11. Qa4 {[%emt 0:00:23]}
Bd7 {[%emt 0:00:18]} 12. Qb3 {[%emt 0:00:08]} b6 {[%emt 0:00:04]} 13. Na4 {
[%emt 0:01:06]} Rb8 {[%emt 0:00:52]} 14. cxb6 {[%emt 0:00:10]} cxb6 {[%emt 0:
00:12]} 15. Bxa6 {[%emt 0:00:24]} b5 {[%emt 0:00:57]} 16. Nc5 {[%emt 0:01:53]}
Qa5+ {[%emt 0:00:02]} 17. Qc3 {[%emt 0:00:14]} Rb6 {[%emt 0:00:37]} 18. Qxa5 {
[%emt 0:01:10]} Nxa5 {[%emt 0:00:02]} 19. O-O {[%emt 0:01:27]} g4 {[%emt 0:01:
25]} 20. Nd2 {[%emt 0:00:21]} Bf8 {[%emt 0:00:02]} 21. a4 {[%emt 0:00:32]} Bxc5
{[%emt 0:00:24]} 22. axb5 {[%emt 0:00:13]} Bb4 {[%emt 0:00:01]} 23. Rfd1 {
[%emt 0:00:15]} Bxd2 {[%emt 0:00:03]} 0-1

[Event "Atviras BTA Lietuvos RAPID 2021"]
[Site "Vilnius, Lithuania"]
[Date "2021.07.17"]
[Round "5.2"]
[White "Sulskis, Sarunas"]
[Black "Narmontas, Tauras"]
[Result "0-1"]
[WhiteElo "2538"]
[BlackElo "2222"]
[PlyCount "120"]

1. c4 {[%emt 0:00:04]} Nf6 {[%emt 0:00:07]} 2. d4 {[%emt 0:00:04]} e6 {[%emt 0:
00:31]} 3. Nc3 {[%emt 0:00:17]} d5 {[%emt 0:00:05]} 4. cxd5 {[%emt 0:00:15]}
exd5 {[%emt 0:00:14]} 5. Bg5 {[%emt 0:00:23]} Be7 {[%emt 0:00:31]} 6. e3 {
[%emt 0:00:23]} h6 {[%emt 0:00:18]} 7. Bxf6 {[%emt 0:00:19]} Bxf6 {[%emt 0:00:
03]} 8. Bd3 {[%emt 0:00:24]} O-O {[%emt 0:00:50]} 9. Qf3 {[%emt 0:00:33]} c6 {
[%emt 0:01:10]} 10. Nge2 {[%emt 0:00:30]} Re8 {[%emt 0:00:47]} 11. O-O {[%emt
0:01:42]} g6 {[%emt 0:03:09]} 12. Rfd1 {[%emt 0:00:47]} Bg7 {[%emt 0:00:16]}
13. e4 {[%emt 0:00:24]} dxe4 {[%emt 0:00:13]} 14. Nxe4 {[%emt 0:00:24]} Nd7 {
[%emt 0:00:58]} 15. Nd6 {[%emt 0:00:52]} Re7 {[%emt 0:00:02]} 16. Bc4 {[%emt 0:
00:37]} Nf6 {[%emt 0:00:07]} 17. Nxf7 {[%emt 0:00:36]} Rxf7 {[%emt 0:00:02]}
18. Bxf7+ {[%emt 0:00:10]} Kxf7 {[%emt 0:00:02]} 19. Nf4 {[%emt 0:00:02]} g5 {
[%emt 0:00:53]} 20. Nd3 {[%emt 0:00:58]} Qd5 {[%emt 0:00:36]} 21. Qg3 {[%emt 0:
00:16]} Ne4 {[%emt 0:00:14]} 22. Qc7+ {[%emt 0:00:14]} Qd7 {[%emt 0:00:03]} 23.
Ne5+ {[%emt 0:00:10]} Bxe5 {[%emt 0:00:02]} 24. Qxe5 {[%emt 0:00:02]} Nf6 {
[%emt 0:00:16]} 25. d5 {[%emt 0:00:09]} Nxd5 {[%emt 0:00:06]} 26. Qh8 {[%emt 0:
00:10]} Kg6 {[%emt 0:00:16]} 27. Re1 {[%emt 0:00:04]} Qg7 {[%emt 0:00:03]} 28.
Qd8 {[%emt 0:00:13]} Qc7 {[%emt 0:00:19]} 29. Re8 {[%emt 0:01:04]} Qxd8 {[%emt
0:00:17]} 30. Rxd8 {[%emt 0:00:01]} b6 {[%emt 0:00:08]} 31. Re1 {[%emt 0:00:02]
} Bb7 {[%emt 0:00:02]} 32. Re6+ {[%emt 0:00:11]} Kf5 {[%emt 0:00:05]} 33. Rxa8
{[%emt 0:00:08]} Bxa8 {[%emt 0:00:05]} 34. Rxh6 {[%emt 0:00:02]} Nb4 {[%emt 0:
00:07]} 35. Rh7 {[%emt 0:00:06]} c5 {[%emt 0:00:04]} 36. Rxa7 {[%emt 0:00:03]}
Bd5 {[%emt 0:00:01]} 37. a3 {[%emt 0:00:07]} Nd3 {[%emt 0:00:02]} 38. Ra6 {
[%emt 0:00:03]} b5 {[%emt 0:00:06]} 39. Ra5 {[%emt 0:00:06]} Bc6 {[%emt 0:00:
11]} 40. b3 {[%emt 0:00:06]} Ke5 {[%emt 0:00:10]} 41. g3 {[%emt 0:00:08]} Nc1 {
[%emt 0:00:01]} 42. Ra6 {[%emt 0:00:07]} Bf3 {[%emt 0:00:08]} 43. Rb6 {[%emt 0:
00:05]} Be2 {[%emt 0:00:01]} 44. a4 {[%emt 0:00:05]} b4 {[%emt 0:00:11]} 45. a5
{[%emt 0:00:05]} Nxb3 {[%emt 0:00:01]} 46. a6 {[%emt 0:00:02]} c4 {[%emt 0:00:
02]} 47. a7 {[%emt 0:00:03]} Bf3 {[%emt 0:00:01]} 48. Rxb4 {[%emt 0:00:02]} Nd2
{[%emt 0:00:03]} 49. Rb8 {[%emt 0:00:06]} c3 {[%emt 0:00:04]} 50. a8=Q {[%emt
0:00:05]} Bxa8 {[%emt 0:00:01]} 51. Rxa8 {[%emt 0:00:02]} Kd4 {[%emt 0:00:16]}
52. Rd8+ {[%emt 0:00:03]} Ke4 {[%emt 0:00:02]} 53. Kg2 {[%emt 0:00:08]} c2 {
[%emt 0:00:11]} 54. Rc8 {[%emt 0:00:04]} Kd3 {[%emt 0:00:01]} 55. Rxc2 {[%emt
0:00:05]} Kxc2 {[%emt 0:00:01]} 56. h4 {[%emt 0:00:03]} g4 {[%emt 0:00:06]} 57.
h5 {[%emt 0:00:07]} Nf3 {[%emt 0:00:01]} 58. h6 {[%emt 0:00:07]} Ng5 {[%emt 0:
00:01]} 59. f4 {[%emt 0:00:11]} Nh7 {[%emt 0:00:18]} 60. Kf2 {[%emt 0:00:07]}
Kd2 {[%emt 0:00:01]} 0-1

[Event "Atviras BTA Lietuvos RAPID 2021"]
[Site "Vilnius, Lithuania"]
[Date "2021.07.17"]
[Round "5.3"]
[White "Eigminas, Kipras"]
[Black "Pultinevicius, Paulius"]
[Result "0-1"]
[WhiteElo "2223"]
[BlackElo "2519"]
[PlyCount "88"]

1. e4 {[%emt 0:00:02]} c6 {[%emt 0:00:01]} 2. Nc3 {[%emt 0:00:00]} d5 {[%emt 0:
00:02]} 3. Nf3 {[%emt 0:00:01]} Bg4 {[%emt 0:00:04]} 4. h3 {[%emt 0:00:01]}
Bxf3 {[%emt 0:00:04]} 5. Qxf3 {[%emt 0:00:00]} e6 {[%emt 0:00:02]} 6. g3 {
[%emt 0:00:01]} Nd7 {[%emt 0:00:04]} 7. d4 {[%emt 0:00:04]} Qb6 {[%emt 0:00:27]
} 8. Qd3 {[%emt 0:00:56]} Ngf6 {[%emt 0:00:02]} 9. Bg2 {[%emt 0:00:04]} dxe4 {
[%emt 0:00:09]} 10. Nxe4 {[%emt 0:00:02]} Nxe4 {[%emt 0:00:03]} 11. Bxe4 {
[%emt 0:00:07]} Rd8 {[%emt 0:00:06]} 12. c3 {[%emt 0:01:18]} c5 {[%emt 0:00:23]
} 13. Be3 {[%emt 0:00:22]} cxd4 {[%emt 0:00:52]} 14. Bxd4 {[%emt 0:00:11]} Bc5
{[%emt 0:00:03]} 15. O-O {[%emt 0:00:32]} Bxd4 {[%emt 0:01:12]} 16. Qxd4 {
[%emt 0:00:08]} Qxd4 {[%emt 0:00:12]} 17. cxd4 {[%emt 0:00:00]} b6 {[%emt 0:00:
01]} 18. Rac1 {[%emt 0:00:32]} Nf6 {[%emt 0:00:03]} 19. Bc6+ {[%emt 0:00:01]}
Ke7 {[%emt 0:00:01]} 20. Bb5 {[%emt 0:00:06]} Nd5 {[%emt 0:03:08]} 21. Rc4 {
[%emt 0:00:00]} Rd6 {[%emt 0:00:11]} 22. Rfc1 {[%emt 0:00:07]} Rhd8 {[%emt 0:
00:02]} 23. Kg2 {[%emt 0:00:30]} Kf6 {[%emt 0:00:10]} 24. Kf3 {[%emt 0:00:29]}
a5 {[%emt 0:00:02]} 25. a3 {[%emt 0:00:16]} Ne7 {[%emt 0:00:02]} 26. Rc7 {
[%emt 0:00:40]} Nf5 {[%emt 0:00:13]} 27. Kg2 {[%emt 0:00:20]} Nxd4 {[%emt 0:00:
06]} 28. Bf1 {[%emt 0:00:12]} R6d7 {[%emt 0:00:03]} 29. Rxd7 {[%emt 0:00:08]}
Rxd7 {[%emt 0:00:02]} 30. Rc8 {[%emt 0:00:01]} h6 {[%emt 0:00:56]} 31. Rb8 {
[%emt 0:00:03]} Rd6 {[%emt 0:00:00]} 32. Rb7 {[%emt 0:00:01]} Nb3 {[%emt 0:00:
59]} 33. Bb5 {[%emt 0:00:00]} Nc5 {[%emt 0:00:05]} 34. Rc7 {[%emt 0:00:10]} Rd2
{[%emt 0:00:12]} 35. Be8 {[%emt 0:00:15]} Rxb2 {[%emt 0:00:32]} 36. Rxf7+ {
[%emt 0:00:03]} Ke5 {[%emt 0:00:02]} 37. Rxg7 {[%emt 0:00:08]} Ra2 {[%emt 0:00:
22]} 38. a4 {[%emt 0:00:25]} Ne4 {[%emt 0:00:05]} 39. Bc6 {[%emt 0:00:36]}
Rxf2+ {[%emt 0:00:31]} 40. Kg1 {[%emt 0:00:00]} Rc2 {[%emt 0:00:15]} 41. Bb5 {
[%emt 0:00:33]} Nc3 {[%emt 0:00:50]} 42. Rb7 {[%emt 0:00:04]} Nxb5 {[%emt 0:00:
13]} 43. axb5 {[%emt 0:00:02]} a4 {[%emt 0:00:01]} 44. Rxb6 {[%emt 0:00:01]} a3
{[%emt 0:00:02]} 0-1

[Event "Atviras BTA Lietuvos RAPID 2021"]
[Site "Vilnius, Lithuania"]
[Date "2021.07.17"]
[Round "5.5"]
[White "Grabliauskas, Virginijus"]
[Black "Stremavicius, Pijus"]
[Result "0-1"]
[WhiteElo "2308"]
[BlackElo "2157"]
[PlyCount "120"]

1. e4 {[%emt 0:00:00]} c5 {[%emt 0:00:01]} 2. Nf3 {[%emt 0:00:05]} e6 {[%emt 0:
00:00]} 3. c3 {[%emt 0:00:08]} d5 {[%emt 0:00:08]} 4. exd5 {[%emt 0:00:02]}
exd5 {[%emt 0:00:08]} 5. d4 {[%emt 0:00:04]} Nc6 {[%emt 0:00:04]} 6. Bb5 {
[%emt 0:01:14]} Bd6 {[%emt 0:00:05]} 7. O-O {[%emt 0:00:06]} Nge7 {[%emt 0:00:
02]} 8. dxc5 {[%emt 0:00:12]} Bxc5 {[%emt 0:00:02]} 9. Nbd2 {[%emt 0:00:09]}
O-O {[%emt 0:00:08]} 10. Nb3 {[%emt 0:00:18]} Bb6 {[%emt 0:00:04]} 11. Re1 {
[%emt 0:00:17]} Bg4 {[%emt 0:00:39]} 12. Be3 {[%emt 0:03:07]} Bxe3 {[%emt 0:03:
24]} 13. Rxe3 {[%emt 0:00:03]} a6 {[%emt 0:00:28]} 14. Be2 {[%emt 0:00:15]} Ng6
{[%emt 0:00:06]} 15. Nfd4 {[%emt 0:00:35]} Bxe2 {[%emt 0:00:19]} 16. Qxe2 {
[%emt 0:00:03]} Re8 {[%emt 0:00:09]} 17. Re1 {[%emt 0:01:10]} Rxe3 {[%emt 0:00:
03]} 18. Qxe3 {[%emt 0:00:02]} Qd6 {[%emt 0:00:03]} 19. Nf5 {[%emt 0:01:09]}
Qf6 {[%emt 0:00:37]} 20. Nbd4 {[%emt 0:00:16]} h6 {[%emt 0:00:33]} 21. Nxc6 {
[%emt 0:01:14]} bxc6 {[%emt 0:00:01]} 22. Ne7+ {[%emt 0:00:22]} Kh7 {[%emt 0:
00:11]} 23. Nxg6 {[%emt 0:00:10]} Qxg6 {[%emt 0:00:00]} 24. Qb6 {[%emt 0:00:09]
} Qd6 {[%emt 0:00:12]} 25. b4 {[%emt 0:00:07]} Qf6 {[%emt 0:01:08]} 26. Qc5 {
[%emt 0:00:39]} Rd8 {[%emt 0:00:00]} 27. h3 {[%emt 0:00:16]} d4 {[%emt 0:00:01]
} 28. cxd4 {[%emt 0:00:02]} Rxd4 {[%emt 0:00:02]} 29. Qb6 {[%emt 0:00:07]} Rd2
{[%emt 0:00:06]} 30. a4 {[%emt 0:00:01]} Rb2 {[%emt 0:00:08]} 31. Rf1 {[%emt 0:
00:05]} Qc3 {[%emt 0:00:20]} 32. Qxa6 {[%emt 0:00:05]} Rxb4 {[%emt 0:00:00]}
33. Rd1 {[%emt 0:00:11]} Qc2 {[%emt 0:00:09]} 34. Qd3+ {[%emt 0:00:07]} Qxd3 {
[%emt 0:00:02]} 35. Rxd3 {[%emt 0:00:01]} Rxa4 {[%emt 0:00:02]} 36. Rc3 {[%emt
0:00:09]} Ra6 {[%emt 0:00:03]} 37. Kf1 {[%emt 0:00:03]} Kg6 {[%emt 0:00:00]}
38. Ke2 {[%emt 0:00:01]} Kf6 {[%emt 0:00:00]} 39. Ke3 {[%emt 0:00:02]} Ke5 {
[%emt 0:00:03]} 40. f4+ {[%emt 0:00:03]} Kd5 {[%emt 0:00:01]} 41. Rd3+ {[%emt
0:00:03]} Ke6 {[%emt 0:00:04]} 42. Rc3 {[%emt 0:00:09]} g6 {[%emt 0:00:21]} 43.
g4 {[%emt 0:00:06]} Kd6 {[%emt 0:00:15]} 44. Rd3+ {[%emt 0:00:03]} Kc7 {[%emt
0:00:07]} 45. Ke4 {[%emt 0:00:05]} Ra5 {[%emt 0:00:03]} 46. f5 {[%emt 0:00:12]}
gxf5+ {[%emt 0:00:09]} 47. gxf5 {[%emt 0:00:01]} f6 {[%emt 0:00:01]} 48. Rc3 {
[%emt 0:00:09]} Ra4+ {[%emt 0:00:03]} 49. Kf3 {[%emt 0:00:03]} Rh4 {[%emt 0:00:
11]} 50. Kg3 {[%emt 0:00:05]} Rd4 {[%emt 0:00:01]} 51. Kf3 {[%emt 0:00:10]} h5
{[%emt 0:00:12]} 52. Re3 {[%emt 0:00:05]} c5 {[%emt 0:00:06]} 53. Re7+ {[%emt
0:00:06]} Kc6 {[%emt 0:00:02]} 54. Rf7 {[%emt 0:00:06]} Rd6 {[%emt 0:00:09]}
55. Rh7 {[%emt 0:00:04]} c4 {[%emt 0:00:06]} 56. Rxh5 {[%emt 0:00:04]} c3 {
[%emt 0:00:34]} 57. Rh8 {[%emt 0:00:01]} Kb7 {[%emt 0:00:03]} 58. Rh7+ {[%emt
0:00:04]} Kb6 {[%emt 0:00:01]} 59. Re7 {[%emt 0:00:06]} c2 {[%emt 0:00:02]} 60.
Re1 {[%emt 0:00:01]} Rd1 {[%emt 0:00:02]} 0-1

[Event "Atviras BTA Lietuvos RAPID 2021"]
[Site "Vilnius, Lithuania"]
[Date "2021.07.17"]
[Round "5.6"]
[White "Brazdzionis, Andrius"]
[Black "Juknis, Paulius"]
[Result "1/2-1/2"]
[WhiteElo "2235"]
[BlackElo "2093"]
[PlyCount "37"]

1. d4 {[%emt 0:00:02]} f5 {[%emt 0:00:01]} 2. Bg5 {[%emt 0:00:11]} g6 {[%emt 0:
00:02]} 3. Nc3 {[%emt 0:00:03]} Bg7 {[%emt 0:00:01]} 4. e3 {[%emt 0:00:06]} Nf6
{[%emt 0:00:13]} 5. h4 {[%emt 0:00:06]} h6 {[%emt 0:00:27]} 6. Bxf6 {[%emt 0:
00:27]} Bxf6 {[%emt 0:00:08]} 7. Nd5 {[%emt 0:00:12]} e6 {[%emt 0:00:44]} 8.
Nf4 {[%emt 0:00:07]} Rg8 {[%emt 0:01:07]} 9. Nf3 {[%emt 0:00:27]} Nc6 {[%emt 0:
00:35]} 10. Bc4 {[%emt 0:01:00]} Qe7 {[%emt 0:00:20]} 11. Qe2 {[%emt 0:00:40]}
g5 {[%emt 0:01:09]} 12. Nh5 {[%emt 0:00:47]} g4 {[%emt 0:00:18]} 13. Nxf6+ {
[%emt 0:00:16]} Qxf6 {[%emt 0:00:02]} 14. Nd2 {[%emt 0:00:08]} b6 {[%emt 0:01:
13]} 15. O-O-O {[%emt 0:00:23]} Ne7 {[%emt 0:00:56]} 16. e4 {[%emt 0:01:18]}
Bb7 {[%emt 0:00:30]} 17. exf5 {[%emt 0:00:39]} Qxf5 {[%emt 0:00:05]} 18. Rhg1 {
[%emt 0:02:09]} O-O-O {[%emt 0:00:04]} 19. Ba6 {[%emt 0:00:26]} 1/2-1/2

[Event "Atviras BTA Lietuvos RAPID 2021"]
[Site "Vilnius, Lithuania"]
[Date "2021.07.17"]
[Round "5.7"]
[White "Posaskov, Nikita"]
[Black "Ziogas, Modestas"]
[Result "0-1"]
[WhiteElo "1862"]
[BlackElo "2106"]
[PlyCount "180"]

1. c4 {[%emt 0:00:02]} d5 {[%emt 0:00:02]} 2. cxd5 {[%emt 0:00:00]} Qxd5 {
[%emt 0:00:00]} 3. Nc3 {[%emt 0:00:01]} Qa5 {[%emt 0:00:00]} 4. d4 {[%emt 0:00:
04]} Nf6 {[%emt 0:00:02]} 5. g3 {[%emt 0:00:06]} h5 {[%emt 0:00:08]} 6. Bg2 {
[%emt 0:00:15]} Nc6 {[%emt 0:00:02]} 7. Nf3 {[%emt 0:00:28]} Bg4 {[%emt 0:00:
03]} 8. h3 {[%emt 0:00:05]} Bf5 {[%emt 0:00:04]} 9. Qb3 {[%emt 0:00:24]} O-O-O
{[%emt 0:00:11]} 10. Ne5 {[%emt 0:00:12]} Be6 {[%emt 0:00:49]} 11. Qxb7+ {
[%emt 0:03:54]} Kxb7 {[%emt 0:00:19]} 12. Nxc6 {[%emt 0:00:00]} Qb6 {[%emt 0:
01:38]} 13. Nxd8+ {[%emt 0:00:02]} Kc8 {[%emt 0:00:00]} 14. Nxe6 {[%emt 0:00:
02]} Qxe6 {[%emt 0:00:12]} 15. Bf4 {[%emt 0:00:14]} g5 {[%emt 0:00:21]} 16.
Bxg5 {[%emt 0:01:57]} Bh6 {[%emt 0:00:00]} 17. Bxh6 {[%emt 0:00:02]} Rxh6 {
[%emt 0:00:01]} 18. Rc1 {[%emt 0:00:07]} a6 {[%emt 0:00:03]} 19. b3 {[%emt 0:
00:22]} Rh8 {[%emt 0:00:16]} 20. Na4 {[%emt 0:00:59]} Ne4 {[%emt 0:00:20]} 21.
Nc5 {[%emt 0:00:11]} Nxc5 {[%emt 0:00:03]} 22. Rxc5 {[%emt 0:00:00]} Rd8 {
[%emt 0:00:16]} 23. e3 {[%emt 0:00:21]} Rxd4 {[%emt 0:00:04]} 24. O-O {[%emt 0:
00:02]} Rd2 {[%emt 0:00:43]} 25. Rc6 {[%emt 0:00:32]} Qf5 {[%emt 0:00:16]} 26.
Rxa6 {[%emt 0:00:10]} Qb5 {[%emt 0:00:17]} 27. Ra4 {[%emt 0:00:17]} Qe2 {[%emt
0:00:10]} 28. Rf4 {[%emt 0:00:21]} f6 {[%emt 0:00:08]} 29. Bf3 {[%emt 0:00:14]}
Qb5 {[%emt 0:00:09]} 30. Rc4 {[%emt 0:00:21]} Rxa2 {[%emt 0:00:36]} 31. Rfc1 {
[%emt 0:00:02]} Ra7 {[%emt 0:00:02]} 32. Rc5 {[%emt 0:00:22]} Qxb3 {[%emt 0:00:
07]} 33. Bxh5 {[%emt 0:00:01]} e6 {[%emt 0:00:39]} 34. Bf3 {[%emt 0:00:04]} Qb2
{[%emt 0:00:14]} 35. R5c2 {[%emt 0:00:22]} Qe5 {[%emt 0:00:09]} 36. h4 {[%emt
0:00:01]} Kd8 {[%emt 0:00:14]} 37. h5 {[%emt 0:00:02]} Ra1 {[%emt 0:00:14]} 38.
Kg2 {[%emt 0:00:03]} Rxc1 {[%emt 0:00:02]} 39. Rxc1 {[%emt 0:00:00]} Qg5 {
[%emt 0:00:08]} 40. Rh1 {[%emt 0:00:15]} Qh6 {[%emt 0:00:02]} 41. Rd1+ {[%emt
0:00:19]} Ke7 {[%emt 0:00:14]} 42. Rc1 {[%emt 0:00:00]} Kd6 {[%emt 0:00:06]}
43. Rc6+ {[%emt 0:00:03]} Kd7 {[%emt 0:00:00]} 44. Rc4 {[%emt 0:00:07]} f5 {
[%emt 0:00:16]} 45. g4 {[%emt 0:00:17]} Qg5 {[%emt 0:00:19]} 46. Kg3 {[%emt 0:
00:10]} e5 {[%emt 0:00:09]} 47. Rc5 {[%emt 0:00:08]} f4+ {[%emt 0:00:11]} 48.
Kg2 {[%emt 0:00:06]} fxe3 {[%emt 0:00:04]} 49. fxe3 {[%emt 0:00:04]} Qxe3 {
[%emt 0:00:04]} 50. Rd5+ {[%emt 0:00:06]} Ke6 {[%emt 0:00:03]} 51. Rd1 {[%emt
0:00:08]} c5 {[%emt 0:00:08]} 52. Rf1 {[%emt 0:00:04]} c4 {[%emt 0:00:03]} 53.
Bd1 {[%emt 0:00:05]} c3 {[%emt 0:00:08]} 54. Rf2 {[%emt 0:00:02]} e4 {[%emt 0:
00:20]} 55. Bb3+ {[%emt 0:00:06]} Kd6 {[%emt 0:00:11]} 56. Bc2 {[%emt 0:00:05]}
Qd4 {[%emt 0:00:11]} 57. Re2 {[%emt 0:00:10]} e3 {[%emt 0:00:25]} 58. Bf5 {
[%emt 0:00:05]} Kc5 {[%emt 0:00:16]} 59. h6 {[%emt 0:00:03]} Qd5+ {[%emt 0:00:
41]} 60. Kh3 {[%emt 0:00:08]} Qh1+ {[%emt 0:00:04]} 61. Kg3 {[%emt 0:00:05]}
Qxh6 {[%emt 0:00:02]} 62. Kf3 {[%emt 0:00:00]} Qh3+ {[%emt 0:00:02]} 63. Ke4 {
[%emt 0:00:02]} Kb4 {[%emt 0:00:06]} 64. Rxe3 {[%emt 0:00:12]} Qg2+ {[%emt 0:
00:05]} 65. Kf4 {[%emt 0:00:02]} c2 {[%emt 0:00:27]} 66. Bxc2 {[%emt 0:00:00]}
Qxc2 {[%emt 0:00:02]} 67. g5 {[%emt 0:00:01]} Kc5 {[%emt 0:00:09]} 68. Rg3 {
[%emt 0:00:09]} Qg6 {[%emt 0:00:01]} 69. Kg4 {[%emt 0:00:10]} Kd5 {[%emt 0:00:
01]} 70. Re3 {[%emt 0:00:08]} Kd4 {[%emt 0:00:05]} 71. Rf3 {[%emt 0:00:04]} Ke4
{[%emt 0:00:04]} 72. Rf6 {[%emt 0:00:05]} Qg7 {[%emt 0:00:05]} 73. Re6+ {[%emt
0:00:03]} Kd5 {[%emt 0:00:06]} 74. Kf5 {[%emt 0:00:10]} Qh7+ {[%emt 0:00:12]}
75. Rg6 {[%emt 0:00:07]} Kd4 {[%emt 0:00:15]} 76. Kf6 {[%emt 0:00:02]} Qh8+ {
[%emt 0:00:09]} 77. Rg7 {[%emt 0:00:07]} Ke4 {[%emt 0:00:07]} 78. g6 {[%emt 0:
00:02]} Qd8+ {[%emt 0:00:07]} 79. Ke6 {[%emt 0:00:08]} Qb6+ {[%emt 0:00:03]}
80. Kf7 {[%emt 0:00:05]} Kf5 {[%emt 0:00:01]} 81. Kg8 {[%emt 0:00:05]} Qd8+ {
[%emt 0:00:07]} 82. Kf7 {[%emt 0:00:07]} Qd7+ {[%emt 0:00:15]} 83. Kg8 {[%emt
0:00:01]} Qe8+ {[%emt 0:00:03]} 84. Kh7 {[%emt 0:00:02]} Kg5 {[%emt 0:00:14]}
85. Rf7 {[%emt 0:00:04]} Qe6 {[%emt 0:00:11]} 86. Rg7 {[%emt 0:00:08]} Qh3+ {
[%emt 0:00:07]} 87. Kg8 {[%emt 0:00:02]} Qh2 {[%emt 0:00:08]} 88. Kf7 {[%emt 0:
00:10]} Qd6 {[%emt 0:00:05]} 89. Rg8 {[%emt 0:00:08]} Qd7+ {[%emt 0:00:08]} 90.
Kf8 {[%emt 0:00:06]} Kf6 {[%emt 0:00:08]} 0-1

[Event "Atviras BTA Lietuvos RAPID 2021"]
[Site "Vilnius, Lithuania"]
[Date "2021.07.17"]
[Round "5.8"]
[White "Steponavicius, Stasys"]
[Black "Grybas, Gintaras"]
[Result "1-0"]
[WhiteElo "2189"]
[BlackElo "1848"]
[PlyCount "79"]

1. d4 {[%emt 0:00:00]} Nf6 {[%emt 0:00:03]} 2. c4 {[%emt 0:00:03]} e6 {[%emt 0:
00:03]} 3. Nc3 {[%emt 0:00:02]} d5 {[%emt 0:00:02]} 4. cxd5 {[%emt 0:00:00]}
exd5 {[%emt 0:00:02]} 5. Bg5 {[%emt 0:00:04]} c6 {[%emt 0:00:00]} 6. Qc2 {
[%emt 0:00:01]} Be7 {[%emt 0:00:15]} 7. e3 {[%emt 0:00:02]} Bg4 {[%emt 0:00:08]
} 8. Bd3 {[%emt 0:00:02]} Bh5 {[%emt 0:00:08]} 9. Nge2 {[%emt 0:00:06]} Bg6 {
[%emt 0:00:02]} 10. O-O {[%emt 0:00:04]} Bxd3 {[%emt 0:00:02]} 11. Qxd3 {[%emt
0:00:02]} O-O {[%emt 0:00:03]} 12. Rab1 {[%emt 0:00:08]} Nbd7 {[%emt 0:00:33]}
13. b4 {[%emt 0:00:35]} b5 {[%emt 0:00:17]} 14. a4 {[%emt 0:00:49]} bxa4 {
[%emt 0:00:47]} 15. Nxa4 {[%emt 0:00:02]} Nb6 {[%emt 0:00:02]} 16. Nxb6 {[%emt
0:00:37]} Qxb6 {[%emt 0:00:24]} 17. b5 {[%emt 0:00:19]} h6 {[%emt 0:00:40]} 18.
Bxf6 {[%emt 0:00:18]} Bxf6 {[%emt 0:00:02]} 19. Rfc1 {[%emt 0:00:30]} cxb5 {
[%emt 0:01:10]} 20. Rxb5 {[%emt 0:00:30]} Qa6 {[%emt 0:00:17]} 21. Qb3 {[%emt
0:00:06]} Rac8 {[%emt 0:00:37]} 22. Rb1 {[%emt 0:00:34]} Rfd8 {[%emt 0:00:59]}
23. Nf4 {[%emt 0:00:21]} Qc6 {[%emt 0:01:49]} 24. Rc5 {[%emt 0:02:15]} Qb6 {
[%emt 0:00:44]} 25. Qxb6 {[%emt 0:01:06]} axb6 {[%emt 0:00:02]} 26. Rxc8 {
[%emt 0:00:36]} Rxc8 {[%emt 0:00:02]} 27. Nxd5 {[%emt 0:00:02]} Bd8 {[%emt 0:
00:01]} 28. g3 {[%emt 0:00:06]} f5 {[%emt 0:00:13]} 29. Kg2 {[%emt 0:00:09]}
Kf7 {[%emt 0:00:05]} 30. Rb2 {[%emt 0:00:29]} Rb8 {[%emt 0:00:17]} 31. h4 {
[%emt 0:00:09]} g5 {[%emt 0:00:39]} 32. hxg5 {[%emt 0:00:03]} hxg5 {[%emt 0:00:
02]} 33. Kf3 {[%emt 0:00:05]} b5 {[%emt 0:00:37]} 34. e4 {[%emt 0:00:48]} Ke6 {
[%emt 0:00:12]} 35. Ne3 {[%emt 0:00:37]} fxe4+ {[%emt 0:00:09]} 36. Kxe4 {
[%emt 0:00:02]} b4 {[%emt 0:00:02]} 37. Rb3 {[%emt 0:00:18]} Bf6 {[%emt 0:00:
35]} 38. Nd5 {[%emt 0:00:35]} Rb7 {[%emt 0:00:39]} 39. Rxb4 {[%emt 0:00:15]}
Rxb4 {[%emt 0:00:07]} 40. Nxb4 {[%emt 0:00:02]} 1-0